000 00770cam a2200217 4500
001 WB3706-01
008 000000n2001 000 0 eng u
035 _a(Sirsi) u110786
245 _aWebsite to buck dot.com trend
260 _c2001
490 _aEstates Gazette
_v(0105) 3 February 2001, 40(1)
520 _aA new internet company, thepropertylot.com, is planning to improve on the poor performance of other auction websites by promoting the services of local agents in conjunction with advertising buy-to-let and investment properties online.
590 _aWB
650 _aWEBSITES
650 _aAuctioneering
_96218
650 _aINTERNET AUCTIONS
650 _aTHEPROPERTYLOT.COM
650 _aAGENTS
690 _aAuctioneering
_96218
942 _n0
999 _c66040
_d66040